000 00580nam a2200217Ia 4500
005 20250108125023.0
008 008 250107s9999 xx 000 0 eng d
020 _a978-93-88954-96-9
037 _aTB
040 _aCRL
_beng
_cCRL
041 _aeng
_2eng
084 _aS:3 152R3
084 _qCRL
245 0 _aKamaladevi Chattopadhyay and the making of modern India
260 _aNew Delhi, India
_bIndia International Centre
_c3040
300 _a143p.
365 _aINR
_b450
650 _aHISTORY
942 _cTB
_hS:3 152R3
999 _c1235428
_d1235428